000 00824cam a2200277 4500
008 090401t1994 xxu||||| |||| 00| 0 eng d
020 _a1873162170
035 _a(Sirsi) u2313
041 _aeng
050 _a929.3
100 _aFoot, William
245 _aMaps for local history : a guide to the records of the Tithe, Valuation Office, and National Farm Surveys of England and Wales, 1836-1943.
260 _aLondon
_bPRO Publications
_c1994
300 _aviii,85p. : ill.,maps ; 30cm.
350 _a8.95
490 _aPRO Readers` Guide
_v9
650 _aGENEALOGY
650 _aMAPS
650 _aNATIONAL FARM SURVEY
650 _aTITHE SURVEY
650 _aVALUATION OFFICE SURVEY
690 _aMAPPING AND MEASUREMENT
710 _aPublic Record Office
_9861
942 _n0
948 _c04/03/1997
999 _c85754
_d85754